El almirante Víctor Mª Concas y Palau : (Record no. 190513)

MARC details
000 -LEADER
campo de control de longitud fija 01371nam a2200265 i 4500
001 - NÚMERO DE CONTROL
campo de control 190513
003 - IDENTIFICADOR DE NÚMERO DE CONTROL
campo de control ES-MaACL
005 - FECHA Y HORA DE LA ÚLTIMA TRANSACCIÓN
campo de control 20240112174709.0
008 - DATOS DE LONGITUD FIJA--INFORMACIÓN GENERAL
campo de control de longitud fija 210817s2018 sp ac 001 0bspa d
080 ## - NÚMERO DE LA CLASIFICACIÓN DECIMAL UNIVERSAL
Número de la Clasificación Decimal Universal 929 Concas y Palau, Víctor
100 1# - ENTRADA PRINCIPAL--NOMBRE DE PERSONA
Nombre de persona Vega, Antonio de la.
9 (RLIN) 173290
245 13 - MENCIÓN DEL TÍTULO
Título El almirante Víctor Mª Concas y Palau :
Resto del título el marino, el intelectual, el político /
Mención de responsabilidad, etc. Antonio de la Vega, José Juan Varela.
260 ## - PUBLICACIÓN, DISTRIBUCIÓN, ETC.
Lugar de publicación, distribución, etc. Madrid :
Nombre del editor, distribuidor, etc. Robinson Librería Naútica,
Fecha de publicación, distribución, etc. [2018]
300 ## - DESCRIPCIÓN FÍSICA
Extensión 243 p. :
Otras características físicas retr. ;
Dimensiones 30 cm.
504 ## - NOTA DE BIBLIOGRAFÍA, ETC.
Nota de bibliografía, etc. Bibliografía: p. 233-235.
505 8# - NOTA DE CONTENIDO CON FORMATO
Nota de contenido con formato En p. 26: Ateneo de Madrid: Concas fue socio con el n. 8237... dio conferencias, la primera en el curso 1884-85 con el título "Los intereses de España en el sultanato de Joló"... El año 1902... "Trafalgar y la Marina española"... y en el de 1911-12... sobre "Los marinos de la Regencia"
586 ## - NOTA DE PREMIOS
Nota de premios Accésit... premios de la Librería Náutica Robinson del año 2018
600 14 - PUNTO DE ACCESO ADICIONAL DE MATERIA--NOMBRE DE PERSONA
Nombre de persona Concas y Palau, Víctor.
9 (RLIN) 40067
700 1# - ENTRADA AGREGADA--NOMBRE PERSONAL
Nombre de persona Varela, José Juan.
9 (RLIN) 173291
852 4# - LOCALIZACIÓN
Ubicación ES-MaACL
Número de control de estantería A-14713
itemnumber 197691
Sublocalización o colección R.152470
Ubicación en estantería Depósito 1
Signatura antigua Olim: N-7713
Anotaciones manuscritas Dedicatoria autógrafa de los autores
Donativo/Legado Donación: Antonio de la Vega y Juan José Varela
903 ## - NOMBRE PERSONAL DE DONANTE
9 173290
a Vega, Antonio de la
e Donante
903 ## - NOMBRE PERSONAL DE DONANTE
9 173291
a Varela, José Juan
e Donante
942 ## - ELEMENTOS DE ENTRADA SECUNDARIOS (KOHA)
Fuente del sistema de clasificación o colocación Clasificación decimal universal
Tipo de ítem Koha Libro impreso
Holdings
Estatus retirado Estado de pérdida Fuente del sistema de clasificación o colocación Estado de daño No para préstamo Colección Biblioteca de origen Biblioteca actual Ubicación en estantería Fecha de adquisición Fuente de adquisición Total de préstamos Signatura topográfica completa Código de barras Visto por última vez Precio de reemplazo Tipo de ítem Koha Nota pública
    Clasificación decimal universal     Libros con dedicatorias Biblioteca del Ateneo de Madrid Biblioteca del Ateneo de Madrid Depósito 1 17/08/2021 Donación   A-14713 1202630 23/02/2023 23/02/2023 Libro impreso Dedicatoria autógrafa de los autores